[Event "1st Stars Cup 2016"]
[Site "Guilan, Iran"]
[Date "2016.07.15"]
[Round "5"]
[Board "1"]
[White "Sargissian, Gabriel"]
[Black "Pourramezanali, Amirreza"]
[Result "1/2-1/2"]
[WhiteElo "2679"]
[BlackElo "2509"]
[PlyCount "0"]
[EventDate "2016.07.11"]
[EventType "team"]
[EventRounds "10"]
[EventCountry "IRI"]
[WhiteTeam "World Stars"]
[BlackTeam "Iran Stars"]

1. Nf3 {[%clk 1:30:19]} d5 {[%clk 1:30:54]} 2. c4 {[%clk 1:30:45]} c6
{[%clk 1:31:17]} 3. e3 {[%clk 1:30:58]} Nf6 {[%clk 1:31:41]} 4. Nc3
{[%clk 1:31:09]} e6 {[%clk 1:32:05]} 5. b3 {[%clk 1:30:21]} Bd6 {[%clk 1:31:27]}
6. Bb2 {[%clk 1:29:51]} O-O {[%clk 1:31:02]} 7. d4 {[%clk 1:26:09]} Nbd7
{[%clk 1:31:07]} 8. Bd3 {[%clk 1:25:58]} Qe7 {[%clk 1:28:08]} 9. h3
{[%clk 1:13:30]} dxc4 {[%clk 1:24:50]} 10. bxc4 {[%clk 1:08:35]} e5
{[%clk 1:24:54]} 11. Be2 {[%clk 1:08:54]} Re8 {[%clk 1:21:33]} 12. O-O
{[%clk 1:06:29]} e4 {[%clk 1:21:22]} 13. Nd2 {[%clk 1:06:19]} Nf8
{[%clk 1:21:46]} 14. f4 {[%clk 1:03:05]} exf3 {[%clk 1:08:40]} 15. Rxf3
{[%clk 1:03:22]} Bb8 {[%clk 1:08:39]} 16. c5 {[%clk 0:46:10]} Ng6
{[%clk 1:00:06]} 17. Qe1 {[%clk 0:38:07]} Nd5 {[%clk 0:50:06]} 18. Nxd5
{[%clk 0:36:31]} cxd5 {[%clk 0:49:53]} 19. Bb5 {[%clk 0:36:14]} Nh4
{[%clk 0:47:53]} 20. Rf2 {[%clk 0:31:56]} Bd7 {[%clk 0:40:39]} 21. Bxd7
{[%clk 0:32:07]} Qxd7 {[%clk 0:36:18]} 22. Re2 {[%clk 0:29:15]} Nf5
{[%clk 0:29:05]} 23. e4 {[%clk 0:29:37]} Bg3 {[%clk 0:27:11]} 24. Qd1
{[%clk 0:24:41]} dxe4 {[%clk 0:25:41]} 25. Nxe4 {[%clk 0:24:41]} Bf4
{[%clk 0:24:17]} 26. d5 {[%clk 0:17:08]} Be3+ {[%clk 0:16:11]} 27. Rxe3
{[%clk 0:17:26]} Nxe3 {[%clk 0:16:38]} 28. Qd4 {[%clk 0:17:38]} f5
{[%clk 0:16:25]} 29. Nf6+ {[%clk 0:16:54]} gxf6 {[%clk 0:16:54]} 30. Qxf6
{[%clk 0:17:17]} Rf8 {[%clk 0:14:00]} 31. Qg5+ {[%clk 0:17:34]} Kf7
{[%clk 0:13:46]} 32. Qxe3 {[%clk 0:15:10]} Qxd5 {[%clk 0:10:26]} 33. Qh6
{[%clk 0:13:45]} Rg8 {[%clk 0:09:25]} 34. Qxh7+ {[%clk 0:12:05]} Ke8
{[%clk 0:09:26]} 35. Qh5+ {[%clk 0:10:57]} Kd7 {[%clk 0:08:04]} 36. Rd1
{[%clk 0:07:27]} Rxg2+ {[%clk 0:08:29]} 37. Kf1 {[%clk 0:07:52]} Rd2
{[%clk 0:08:36]} 38. Qh7+ {[%clk 0:07:19]} Kc8 {[%clk 0:04:38]} 39. Qh8+
{[%clk 0:06:24]} Kd7 {[%clk 0:04:47]} 40. Qg7+ {[%clk 0:05:06]} Kc8
{[%clk 0:05:07]} 41. Qh8+ {[%clk 0:03:34]} Kd7 {[%clk 0:05:32]} 42. c6+
{[%clk 0:03:34]} bxc6 {[%clk 0:05:15]} 43. Rxd2 {[%clk 0:03:59]} Qxd2
{[%clk 0:05:38]} 44. Qxa8 {[%clk 0:04:19]} Qxb2 {[%clk 0:05:46]} 45. Qxa7+
{[%clk 0:04:43]} Kd6 {[%clk 0:06:01]} 46. Qa4 {[%clk 0:03:42]} Ke5
{[%clk 0:05:05]} 47. Qxc6 {[%clk 0:00:49]} Qb1+ {[%clk 0:05:29]} 1/2-1/2

[Event "1st Stars Cup 2016"]
[Site "Guilan, Iran"]
[Date "2016.07.15"]
[Round "5"]
[Board "2"]
[White "Dreev, Aleksey"]
[Black "Maghsoodloo, Parham"]
[Result "1/2-1/2"]
[WhiteElo "2664"]
[BlackElo "2501"]
[PlyCount "0"]
[EventDate "2016.07.11"]
[EventType "team"]
[EventRounds "10"]
[EventCountry "IRI"]
[WhiteTeam "World Stars"]
[BlackTeam "Iran Stars"]

1. d4 {[%clk 1:30:58]} Nf6 {[%clk 1:29:44]} 2. Nf3 {[%clk 1:31:20]} b5
{[%clk 1:27:49]} 3. Bg5 {[%clk 1:30:25]} Ne4 {[%clk 1:27:28]} 4. Bh4
{[%clk 1:29:13]} Bb7 {[%clk 1:25:43]} 5. Nbd2 {[%clk 1:25:58]} d5
{[%clk 1:01:41]} 6. e3 {[%clk 1:25:15]} Nd6 {[%clk 1:02:04]} 7. Bd3
{[%clk 1:17:56]} Nd7 {[%clk 1:01:44]} 8. Qe2 {[%clk 1:17:16]} a6 {[%clk 0:53:34]}
9. e4 {[%clk 1:15:53]} dxe4 {[%clk 0:53:56]} 10. Nxe4 {[%clk 1:16:16]} Nf5
{[%clk 0:54:22]} 11. Bg5 {[%clk 1:10:44]} h6 {[%clk 0:53:10]} 12. Bd2
{[%clk 1:10:58]} e6 {[%clk 0:53:37]} 13. O-O-O {[%clk 0:59:26]} Be7
{[%clk 0:45:46]} 14. g4 {[%clk 0:57:13]} Nd6 {[%clk 0:44:24]} 15. h4
{[%clk 0:35:25]} Nxe4 {[%clk 0:41:53]} 16. Bxe4 {[%clk 0:34:48]} Bxe4
{[%clk 0:42:18]} 17. Qxe4 {[%clk 0:35:13]} Nb6 {[%clk 0:42:38]} 18. Kb1
{[%clk 0:30:08]} Qd5 {[%clk 0:41:42]} 19. Qe2 {[%clk 0:30:29]} Bd6
{[%clk 0:37:00]} 20. h5 {[%clk 0:27:55]} O-O-O {[%clk 0:34:12]} 21. Bc1
{[%clk 0:26:41]} Rhe8 {[%clk 0:28:58]} 22. g5 {[%clk 0:21:52]} hxg5
{[%clk 0:29:19]} 23. Nxg5 {[%clk 0:21:53]} Qf5 {[%clk 0:27:38]} 24. Qe4
{[%clk 0:18:33]} Qxe4 {[%clk 0:26:21]} 25. Nxe4 {[%clk 0:18:13]} Bf8
{[%clk 0:26:41]} 26. Bf4 {[%clk 0:14:33]} Nd5 {[%clk 0:25:41]} 27. Be5
{[%clk 0:10:15]} f6 {[%clk 0:23:46]} 28. Bg3 {[%clk 0:10:41]} Be7
{[%clk 0:23:58]} 29. h6 {[%clk 0:07:16]} g5 {[%clk 0:18:10]} 30. h7
{[%clk 0:06:54]} Rh8 {[%clk 0:18:29]} 31. Nc3 {[%clk 0:02:49]} Nxc3+
{[%clk 0:13:20]} 32. bxc3 {[%clk 0:03:17]} Kd7 {[%clk 0:13:39]} 33. Kb2
{[%clk 0:03:09]} a5 {[%clk 0:12:09]} 34. Rh6 {[%clk 0:02:30]} Rdf8
{[%clk 0:10:55]} 35. c4 {[%clk 0:02:10]} bxc4 {[%clk 0:09:46]} 36. Kc3
{[%clk 0:02:38]} Rf7 {[%clk 0:09:21]} 37. Rdh1 {[%clk 0:02:45]} c5
{[%clk 0:04:51]} 38. dxc5 {[%clk 0:02:54]} Bxc5 {[%clk 0:03:56]} 39. Kxc4
{[%clk 0:03:21]} Bf8 {[%clk 0:03:08]} 40. R6h5 {[%clk 0:02:42]} Kc6
{[%clk 0:03:03]} 41. a4 {[%clk 0:00:41]} Rb7 {[%clk 0:01:10]} 42. c3
{[%clk 0:00:59]} e5 {[%clk 0:01:39]} 43. f3 {[%clk 0:00:50]} Rc7 {[%clk 0:00:36]}
44. Bf2 {[%clk 0:00:53]} Kd6+ {[%clk 0:00:58]} 45. Kd3 {[%clk 0:01:03]} Rb7
{[%clk 0:00:48]} 46. Be3 {[%clk 0:00:47]} Ke6 {[%clk 0:01:11]} 47. Kc2
{[%clk 0:00:43]} Kf5 {[%clk 0:01:22]} 48. R5h2 {[%clk 0:00:58]} Kg6
{[%clk 0:01:32]} 49. Kd3 {[%clk 0:00:55]} Rb3 {[%clk 0:01:38]} 50. Bc1
{[%clk 0:00:48]} Rb7 {[%clk 0:00:37]} 51. Be3 {[%clk 0:01:13]} Rb3
{[%clk 0:00:33]} 52. Bc1 {[%clk 0:01:41]} Rb8 {[%clk 0:00:33]} 53. Be3
{[%clk 0:02:05]} Kf5 {[%clk 0:00:39]} 54. Kc2 {[%clk 0:01:26]} Rb7
{[%clk 0:00:49]} 55. Kd3 {[%clk 0:01:46]} Bg7 {[%clk 0:00:38]} 56. Kc2
{[%clk 0:01:51]} Kg6 {[%clk 0:00:43]} 57. Rd1 {[%clk 0:01:52]} Rc7
{[%clk 0:00:45]} 58. Rd5 {[%clk 0:02:13]} Rc4 {[%clk 0:00:38]} 59. Rxa5
{[%clk 0:02:40]} Rh4 {[%clk 0:00:51]} 60. Rxh4 {[%clk 0:02:00]} gxh4
{[%clk 0:01:21]} 61. Rd5 {[%clk 0:02:17]} Rxh7 {[%clk 0:00:43]} 62. a5
{[%clk 0:02:39]} Bh6 {[%clk 0:01:06]} 63. Bf2 {[%clk 0:01:28]} h3
{[%clk 0:01:32]} 64. Rd1 {[%clk 0:01:19]} h2 {[%clk 0:01:40]} 65. Rh1
{[%clk 0:01:03]} Bf4 {[%clk 0:01:48]} 66. a6 {[%clk 0:01:31]} f5 {[%clk 0:01:46]}
67. a7 {[%clk 0:01:44]} Rh8 {[%clk 0:02:15]} 68. Kd3 {[%clk 0:00:57]} Rd8+
{[%clk 0:02:44]} 69. Kc4 {[%clk 0:01:13]} e4 {[%clk 0:03:14]} 70. fxe4
{[%clk 0:01:29]} fxe4 {[%clk 0:03:42]} 71. Kb5 {[%clk 0:00:41]} Kf5
{[%clk 0:01:22]} 72. Kc6 {[%clk 0:01:01]} Kg4 {[%clk 0:01:50]} 73. Kb7
{[%clk 0:00:41]} Kf3 {[%clk 0:01:07]} 74. Bb6 {[%clk 0:01:08]} Re8
{[%clk 0:00:35]} 75. a8=Q {[%clk 0:01:10]} Rxa8 {[%clk 0:01:00]} 76. Kxa8
{[%clk 0:01:35]} Kg2 {[%clk 0:00:38]} 77. Rxh2+ {[%clk 0:01:43]} Bxh2
{[%clk 0:00:34]} 78. c4 {[%clk 0:01:

[Event "1st Stars Cup 2016"]
[Site "Guilan, Iran"]
[Date "2016.07.15"]
[Round "5"]
[Board "3"]
[White "Gholami, Aryan"]
[Black "Edouard, Romain"]
[Result "1-0"]
[WhiteElo "2454"]
[BlackElo "2639"]
[PlyCount "0"]
[EventDate "2016.07.11"]
[EventType "team"]
[EventRounds "10"]
[EventCountry "IRI"]
[WhiteTeam "Iran Stars"]
[BlackTeam "World Stars"]

1. c4 {[%clk 1:30:53]} e5 {[%clk 1:30:18]} 2. Nc3 {[%clk 1:30:59]} Nf6
{[%clk 1:30:44]} 3. Nf3 {[%clk 1:31:13]} Nc6 {[%clk 1:31:10]} 4. e4
{[%clk 1:31:26]} d6 {[%clk 1:28:11]} 5. d4 {[%clk 1:22:59]} Bg4 {[%clk 1:28:11]}
6. d5 {[%clk 1:19:34]} Nd4 {[%clk 1:25:39]} 7. Be2 {[%clk 1:18:43]} Nxe2
{[%clk 1:19:11]} 8. Qxe2 {[%clk 1:19:06]} g6 {[%clk 1:19:21]} 9. h3
{[%clk 1:18:45]} Bd7 {[%clk 1:19:44]} 10. Be3 {[%clk 1:16:27]} Bg7
{[%clk 1:19:55]} 11. g4 {[%clk 1:15:30]} Qe7 {[%clk 0:59:42]} 12. O-O-O
{[%clk 1:08:55]} a6 {[%clk 1:00:07]} 13. Kb1 {[%clk 1:05:12]} O-O
{[%clk 0:59:15]} 14. Nd2 {[%clk 1:03:01]} c6 {[%clk 0:54:25]} 15. f3
{[%clk 0:55:15]} b5 {[%clk 0:52:16]} 16. dxc6 {[%clk 0:51:14]} Bxc6
{[%clk 0:52:16]} 17. Nd5 {[%clk 0:51:03]} Nxd5 {[%clk 0:47:34]} 18. cxd5
{[%clk 0:51:04]} Bd7 {[%clk 0:48:00]} 19. h4 {[%clk 0:50:33]} f5 {[%clk 0:46:35]}
20. h5 {[%clk 0:44:06]} f4 {[%clk 0:45:11]} 21. Bf2 {[%clk 0:39:59]} b4
{[%clk 0:45:36]} 22. hxg6 {[%clk 0:36:40]} hxg6 {[%clk 0:45:59]} 23. Rc1
{[%clk 0:35:09]} Bb5 {[%clk 0:46:18]} 24. Nc4 {[%clk 0:35:30]} Rfc8
{[%clk 0:43:24]} 25. b3 {[%clk 0:28:56]} a5 {[%clk 0:40:14]} 26. Qd2
{[%clk 0:28:02]} Rcb8 {[%clk 0:39:15]} 27. Rc2 {[%clk 0:21:17]} a4
{[%clk 0:38:10]} 28. Rhc1 {[%clk 0:20:57]} Qd8 {[%clk 0:37:27]} 29. Rb2
{[%clk 0:17:30]} Be8 {[%clk 0:35:51]} 30. bxa4 {[%clk 0:15:39]} Rxa4
{[%clk 0:35:53]} 31. Rb3 {[%clk 0:16:02]} Bf8 {[%clk 0:30:36]} 32. Nb2
{[%clk 0:15:43]} Ra3 {[%clk 0:30:18]} 33. Nc4 {[%clk 0:15:37]} Ra4
{[%clk 0:29:25]} 34. Nb2 {[%clk 0:13:45]} Ra6 {[%clk 0:29:16]} 35. Nc4
{[%clk 0:12:27]} Rb5 {[%clk 0:11:32]} 36. Rxb4 {[%clk 0:11:04]} Ra4
{[%clk 0:11:57]} 37. Rb3 {[%clk 0:07:22]} Qd7 {[%clk 0:09:51]} 38. Nb6
{[%clk 0:06:47]} Qa7 {[%clk 0:09:26]} 39. Nxa4 {[%clk 0:06:38]} Qxa4
{[%clk 0:09:54]} 40. Qb2 {[%clk 0:06:08]} Qa6 {[%clk 0:09:31]} 41. Rxb5
{[%clk 0:05:08]} Bxb5 {[%clk 0:09:59]} 42. Ka1 {[%clk 0:04:50]} Be2
{[%clk 0:09:31]} 43. Rc3 {[%clk 0:04:47]} Bd1 {[%clk 0:09:19]} 44. Qd2
{[%clk 0:04:33]} Ba4 {[%clk 0:08:02]} 45. Rc1 {[%clk 0:03:46]} Bb5
{[%clk 0:08:13]} 46. Rc3 {[%clk 0:03:11]} Ba4 {[%clk 0:07:45]} 47. Ra3
{[%clk 0:02:26]} Qc4 {[%clk 0:06:56]} 48. Qc3 {[%clk 0:01:54]} Qe2
{[%clk 0:05:45]} 49. Qe1 {[%clk 0:02:11]} Qc4 {[%clk 0:05:59]} 50. Rc3
{[%clk 0:02:33]} Qa6 {[%clk 0:06:08]} 51. Qc1 {[%clk 0:01:44]} Qe2
{[%clk 0:06:02]} 52. Bb6 {[%clk 0:01:48]} Bb5 {[%clk 0:05:55]} 53. Qb2
{[%clk 0:01:38]} Qd1+ {[%clk 0:05:42]} 54. Rc1 {[%clk 0:01:49]} Qa4
{[%clk 0:04:36]} 55. a3 {[%clk 0:01:30]} Qa6 {[%clk 0:04:27]} 56. Bf2
{[%clk 0:01:32]} Be7 {[%clk 0:03:48]} 57. Qc3 {[%clk 0:01:24]} Bd8
{[%clk 0:03:42]} 58. Ka2 {[%clk 0:01:29]} Bd7 {[%clk 0:02:58]} 59. Qc4
{[%clk 0:01:46]} Qa5 {[%clk 0:03:17]} 60. Rb1 {[%clk 0:01:45]} Kf7
{[%clk 0:03:27]} 61. Rb4 {[%clk 0:01:25]} Ke8 {[%clk 0:03:55]} 62. Kb2
{[%clk 0:01:27]} Qa8 {[%clk 0:03:38]} 63. Bb6 {[%clk 0:01:25]} Bh4
{[%clk 0:04:06]} 64. Bc7 {[%clk 0:01:12]} Qa7 {[%clk 0:04:33]} 65. Bb6
{[%clk 0:01:29]} Qa8 {[%clk 0:05:02]} 66. Rb3 {[%clk 0:00:39]} Ke7
{[%clk 0:05:04]} 67. Qc7 {[%clk 0:00:46]} Be1 {[%clk 0:04:48]} 68. Ba7
{[%clk 0:01:02]} Qh8 {[%clk 0:03:47]} 69. Rb7 {[%clk 0:00:59]} 1-0

[Event "1st Stars Cup 2016"]
[Site "Guilan, Iran"]
[Date "2016.07.15"]
[Round "5"]
[Board "4"]
[White "Khademalsharieh, Sarasadat"]
[Black "Short, Nigel D"]
[Result "0-1"]
[WhiteElo "2445"]
[BlackElo "2652"]
[PlyCount "0"]
[EventDate "2016.07.11"]
[EventType "team"]
[EventRounds "10"]
[EventCountry "IRI"]
[WhiteTeam "Iran Stars"]
[BlackTeam "World Stars"]

1. d4 {[%clk 1:30:55]} e6 {[%clk 1:30:24]} 2. c4 {[%clk 1:31:04]} Nf6
{[%clk 1:30:34]} 3. Nf3 {[%clk 1:31:06]} b6 {[%clk 1:30:16]} 4. g3
{[%clk 1:31:16]} Ba6 {[%clk 1:30:39]} 5. Qa4 {[%clk 1:30:50]} Bb7
{[%clk 1:30:18]} 6. Bg2 {[%clk 1:31:13]} c5 {[%clk 1:30:42]} 7. dxc5
{[%clk 1:31:36]} bxc5 {[%clk 1:30:52]} 8. O-O {[%clk 1:30:59]} Be7
{[%clk 1:31:12]} 9. Nc3 {[%clk 1:31:20]} O-O {[%clk 1:31:20]} 10. Rd1
{[%clk 1:31:26]} Qb6 {[%clk 1:31:40]} 11. Bf4 {[%clk 1:29:01]} Rd8
{[%clk 1:29:44]} 12. Qb5 {[%clk 1:23:19]} d6 {[%clk 1:23:28]} 13. Rd2
{[%clk 1:17:47]} Qc7 {[%clk 1:20:10]} 14. Rad1 {[%clk 1:14:41]} a6
{[%clk 1:20:27]} 15. Qa4 {[%clk 1:14:39]} h6 {[%clk 1:20:10]} 16. Ne1
{[%clk 0:54:15]} Nc6 {[%clk 1:09:50]} 17. h3 {[%clk 0:45:58]} g5 {[%clk 0:58:13]}
18. Be3 {[%clk 0:45:47]} Ne5 {[%clk 0:56:15]} 19. Nd3 {[%clk 0:43:03]} Ng6
{[%clk 0:54:46]} 20. Bxb7 {[%clk 0:42:57]} Qxb7 {[%clk 0:55:04]} 21. f3
{[%clk 0:27:56]} d5 {[%clk 0:52:03]} 22. cxd5 {[%clk 0:26:51]} exd5
{[%clk 0:52:25]} 23. Bf2 {[%clk 0:27:02]} Rac8 {[%clk 0:46:55]} 24. Ne1
{[%clk 0:23:16]} d4 {[%clk 0:39:19]} 25. Nb1 {[%clk 0:23:40]} Bd6
{[%clk 0:39:44]} 26. e3 {[%clk 0:16:00]} Qc7 {[%clk 0:35:19]} 27. Kg2
{[%clk 0:16:14]} Nh5 {[%clk 0:34:43]} 28. g4 {[%clk 0:16:31]} dxe3
{[%clk 0:34:53]} 29. Bxe3 {[%clk 0:16:57]} Nh4+ {[%clk 0:29:06]} 30. Kf1
{[%clk 0:17:21]} Ng3+ {[%clk 0:21:40]} 31. Kf2 {[%clk 0:17:31]} Qe7
{[%clk 0:21:24]} 32. Qa3 {[%clk 0:15:46]} Qe5 {[%clk 0:14:15]} 33. Kg1
{[%clk 0:12:21]} Ne2+ {[%clk 0:10:43]} 34. Rxe2 {[%clk 0:12:18]} Qg3+
{[%clk 0:11:09]} 35. Kf1 {[%clk 0:10:48]} Qxh3+ {[%clk 0:11:33]} 36. Kg1
{[%clk 0:10:32]} Bh2+ {[%clk 0:11:18]} 0-1

[Event "1st Stars Cup 2016"]
[Site "Guilan, Iran"]
[Date "2016.07.15"]
[Round "5"]
[Board "5"]
[White "Idani, Pouya"]
[Black "Sokolov, Ivan"]
[Result "1/2-1/2"]
[WhiteElo "2560"]
[BlackElo "2642"]
[PlyCount "0"]
[EventDate "2016.07.11"]
[EventType "team"]
[EventRounds "10"]
[EventCountry "IRI"]
[WhiteTeam "Iran Stars"]
[BlackTeam "World Stars"]

1. c4 {[%clk 1:30:59]} e5 {[%clk 1:30:49]} 2. a3 {[%clk 1:31:23]} g6
{[%clk 1:27:18]} 3. Nc3 {[%clk 1:27:49]} Bg7 {[%clk 1:26:12]} 4. d3
{[%clk 1:28:07]} Ne7 {[%clk 1:20:47]} 5. g3 {[%clk 1:27:46]} O-O {[%clk 1:13:30]}
6. Bg2 {[%clk 1:28:01]} c6 {[%clk 1:13:57]} 7. e4 {[%clk 1:27:12]} Na6
{[%clk 1:12:48]} 8. Nge2 {[%clk 1:23:45]} d6 {[%clk 1:09:05]} 9. O-O
{[%clk 1:23:12]} Be6 {[%clk 1:09:31]} 10. b4 {[%clk 1:15:02]} d5 {[%clk 1:07:34]}
11. exd5 {[%clk 1:15:15]} cxd5 {[%clk 1:08:02]} 12. cxd5 {[%clk 1:06:59]} Nxd5
{[%clk 1:07:13]} 13. Ne4 {[%clk 1:00:58]} Qd7 {[%clk 1:01:31]} 14. Ng5
{[%clk 0:55:56]} Bf5 {[%clk 1:00:43]} 15. Qb3 {[%clk 0:55:08]} Rad8
{[%clk 0:59:14]} 16. Bb2 {[%clk 0:54:44]} Nb6 {[%clk 0:54:08]} 17. Rad1
{[%clk 0:50:50]} Qa4 {[%clk 0:51:43]} 18. Qc3 {[%clk 0:39:21]} Rc8
{[%clk 0:49:21]} 19. Qe1 {[%clk 0:39:46]} Rc2 {[%clk 0:49:22]} 20. Bc1
{[%clk 0:39:10]} Qb3 {[%clk 0:44:55]} 21. Ne4 {[%clk 0:36:36]} Na4
{[%clk 0:45:22]} 22. d4 {[%clk 0:28:42]} Nb2 {[%clk 0:30:13]} 23. Rd2
{[%clk 0:27:56]} Nc4 {[%clk 0:30:35]} 24. Rxc2 {[%clk 0:25:51]} Qxc2
{[%clk 0:31:00]} 25. dxe5 {[%clk 0:26:17]} Bxe5 {[%clk 0:30:21]} 26. N2c3
{[%clk 0:23:52]} Nc7 {[%clk 0:29:53]} 27. Qd1 {[%clk 0:21:19]} Qxd1
{[%clk 0:28:43]} 28. Rxd1 {[%clk 0:21:46]} Bg4 {[%clk 0:26:02]} 29. f3
{[%clk 0:19:07]} Be6 {[%clk 0:26:24]} 30. Bf1 {[%clk 0:18:18]} b5
{[%clk 0:23:35]} 31. Rd3 {[%clk 0:16:36]} Rc8 {[%clk 0:22:58]} 32. a4
{[%clk 0:13:05]} a5 {[%clk 0:19:49]} 33. bxa5 {[%clk 0:08:38]} b4
{[%clk 0:20:16]} 34. Na2 {[%clk 0:07:28]} Na6 {[%clk 0:20:43]} 35. Bg5
{[%clk 0:07:11]} Nxa5 {[%clk 0:15:51]} 36. Rd8+ {[%clk 0:07:22]} Rxd8
{[%clk 0:16:15]} 37. Bxd8 {[%clk 0:07:49]} b3 {[%clk 0:12:33]} 38. Nac3
{[%clk 0:08:11]} Nc6 {[%clk 0:09:36]} 39. Bf6 {[%clk 0:08:37]} Nc5
{[%clk 0:09:25]} 40. Bxe5 {[%clk 0:07:40]} Nxe4 {[%clk 0:09:52]} 41. fxe4
{[%clk 0:07:59]} Nxe5 {[%clk 0:10:20]} 42. a5 {[%clk 0:07:37]} Kf8
{[%clk 0:10:44]} 43. a6 {[%clk 0:06:32]} Bc8 {[%clk 0:11:02]} 44. Kf2
{[%clk 0:05:38]} Ke7 {[%clk 0:11:30]} 45. Ke3 {[%clk 0:04:45]} Kd6
{[%clk 0:11:57]} 46. Na4 {[%clk 0:04:47]} Kc7 {[%clk 0:10:58]} 47. Kd4
{[%clk 0:04:15]} Bd7 {[%clk 0:10:32]} 48. a7 {[%clk 0:02:47]} Nc6+
{[%clk 0:09:20]} 49. Kc3 {[%clk 0:03:13]} Nxa7 {[%clk 0:09:47]} 50. Nc5
{[%clk 0:03:35]} Bc6 {[%clk 0:09:10]} 51. Bd3 {[%clk 0:02:36]} b2
{[%clk 0:08:37]} 52. Nb3 {[%clk 0:02:16]} Kd6 {[%clk 0:08:27]} 53. Nd2
{[%clk 0:02:41]} Bb5 {[%clk 0:07:35]} 54. Bc2 {[%clk 0:02:19]} Be2
{[%clk 0:07:52]} 55. Kxb2 {[%clk 0:02:33]} Ke5 {[%clk 0:08:20]} 56. Ba4
{[%clk 0:01:40]} Kd4 {[%clk 0:08:31]} 57. Kc2 {[%clk 0:01:47]} f6
{[%clk 0:08:18]} 58. Nb3+ {[%clk 0:01:44]} Kxe4 {[%clk 0:06:54]} 59. Nc5+
{[%clk 0:02:03]} Ke5 {[%clk 0:04:29]} 60. Kd2 {[%clk 0:02:00]} Bb5
{[%clk 0:04:48]} 61. Bxb5 {[%clk 0:02:25]} Nxb5 {[%clk 0:05:14]} 62. Ke3
{[%clk 0:02:47]} h5 {[%clk 0:05:01]} 63. Nd3+ {[%clk 0:03:13]} Kf5
{[%clk 0:05:18]} 64. Nf4 {[%clk 0:03:33]} Nc7 {[%clk 0:05:37]} 65. Kf3
{[%clk 0:03:45]} Ne6 {[%clk 0:06:01]} 66. Nd3 {[%clk 0:04:08]} Nd4+
{[%clk 0:06:01]} 67. Kg2 {[%clk 0:04:33]} g5 {[%clk 0:06:10]} 68. Nf2
{[%clk 0:04:33]} Ke5 {[%clk 0:06:19]} 69. Nd3+ {[%clk 0:04:45]} Ke4
{[%clk 0:06:24]} 70. Nc5+ {[%clk 0:05:11]} Kd5 {[%clk 0:05:05]} 71. Nd3
{[%clk 0:05:39]} Ne6 {[%clk 0:05:23]} 72. Kf3 {[%clk 0:05:54]} Kd4
{[%clk 0:05:50]} 73. Nf2 {[%clk 0:05:59]} f5 {[%clk 0:06:11]} 74. h3 f4 75. h4
{[%clk 0:03:36]} Ke5 {[%clk 0:05:10]} 76. Nd3+ {[%clk 0:03:29]} Kf5
{[%clk 0:05:38]} 77. hxg5 {[%clk 0:03:19]} Nxg5+ {[%clk 0:06:06]} 78. Kg2
{[%clk 0:03:41]} f3+ {[%clk 0:06:29]} 79. Kf2 {[%clk

[Event "1st Stars Cup 2016"]
[Site "Guilan, Iran"]
[Date "2016.07.15"]
[Round "5"]
[Board "6"]
[White "Miroshnichenko, Evgenij"]
[Black "Mousavi, Seyed Khalil"]
[Result "1-0"]
[WhiteElo "2616"]
[BlackElo "2432"]
[PlyCount "0"]
[EventDate "2016.07.11"]
[EventType "team"]
[EventRounds "10"]
[EventCountry "IRI"]
[WhiteTeam "World Stars"]
[BlackTeam "Iran Stars"]

1. Nf3 {[%clk 1:30:57]} Nf6 {[%clk 1:30:32]} 2. c4 {[%clk 1:31:19]} e6
{[%clk 1:30:11]} 3. g3 {[%clk 1:31:02]} d5 {[%clk 1:29:53]} 4. b3
{[%clk 1:31:30]} c5 {[%clk 1:27:53]} 5. Bg2 {[%clk 1:31:45]} Nc6 {[%clk 1:26:11]}
6. O-O {[%clk 1:29:46]} Be7 {[%clk 1:21:44]} 7. e3 {[%clk 1:26:27]} d4
{[%clk 1:21:08]} 8. exd4 {[%clk 1:24:51]} cxd4 {[%clk 1:21:33]} 9. Re1
{[%clk 1:24:11]} O-O {[%clk 1:20:58]} 10. d3 {[%clk 1:15:53]} Bd6
{[%clk 1:18:58]} 11. Na3 {[%clk 1:04:47]} e5 {[%clk 1:13:35]} 12. Nc2
{[%clk 1:05:15]} Re8 {[%clk 0:58:14]} 13. Bg5 {[%clk 0:56:52]} h6
{[%clk 0:46:22]} 14. Bxf6 {[%clk 0:56:06]} Qxf6 {[%clk 0:46:42]} 15. Nd2
{[%clk 0:44:12]} Qg6 {[%clk 0:40:04]} 16. Ne4 {[%clk 0:37:29]} Bg4
{[%clk 0:32:59]} 17. Qb1 {[%clk 0:30:19]} Bf8 {[%clk 0:31:37]} 18. b4
{[%clk 0:30:13]} a5 {[%clk 0:30:05]} 19. bxa5 {[%clk 0:23:36]} Nxa5
{[%clk 0:30:13]} 20. Nb4 {[%clk 0:22:19]} Rab8 {[%clk 0:26:22]} 21. Nd5
{[%clk 0:18:24]} b5 {[%clk 0:22:30]} 22. cxb5 {[%clk 0:18:52]} Red8
{[%clk 0:20:57]} 23. Nd2 {[%clk 0:18:06]} Qe6 {[%clk 0:16:50]} 24. Nc7
{[%clk 0:14:23]} Qd7 {[%clk 0:13:25]} 25. b6 {[%clk 0:14:50]} Qd6
{[%clk 0:13:34]} 26. Qb5 {[%clk 0:12:43]} Qxb6 {[%clk 0:08:49]} 27. Qxb6
{[%clk 0:11:59]} Rxb6 {[%clk 0:09:17]} 28. Rxe5 {[%clk 0:12:19]} Nc6
{[%clk 0:09:31]} 29. Rb5 {[%clk 0:09:33]} Rxb5 {[%clk 0:08:28]} 30. Nxb5
{[%clk 0:10:01]} Ne5 {[%clk 0:07:57]} 31. a4 {[%clk 0:09:28]} Bb4
{[%clk 0:07:13]} 32. Nb3 {[%clk 0:08:45]} Bc3 {[%clk 0:05:30]} 33. Nxc3
{[%clk 0:06:01]} dxc3 {[%clk 0:05:59]} 34. d4 {[%clk 0:04:32]} c2
{[%clk 0:02:30]} 35. Be4 {[%clk 0:03:23]} Nf3+ {[%clk 0:01:46]} 36. Kg2
{[%clk 0:03:39]} Nxd4 {[%clk 0:00:35]} 37. Nxd4 {[%clk 0:04:04]} Rxd4
{[%clk 0:00:35]} 38. Bxc2 {[%clk 0:04:31]} Rc4 {[%clk 0:00:35]} 39. Bd3
{[%clk 0:04:38]} Rd4 {[%clk 0:00:39]} 40. Bf1 {[%clk 0:03:10]} Kf8
{[%clk 0:00:37]} 41. a5 {[%clk 0:03:37]} Rd7 {[%clk 0:00:59]} 42. a6
{[%clk 0:02:58]} Ra7 {[%clk 0:01:23]} 43. Rb1 {[%clk 0:02:09]} Bf5
{[%clk 0:01:41]} 44. Rb5 {[%clk 0:02:15]} Bd7 {[%clk 0:01:07]} 45. Rb8+
{[%clk 0:01:44]} Ke7 {[%clk 0:01:35]} 46. Kf3 {[%clk 0:02:07]} Kd6
{[%clk 0:01:13]} 47. Kf4 {[%clk 0:02:08]} Bc6 {[%clk 0:00:44]} 48. Rg8
{[%clk 0:01:24]} g6 {[%clk 0:00:45]} 49. Rd8+ {[%clk 0:01:24]} Ke7
{[%clk 0:00:40]} 50. Rc8 {[%clk 0:01:38]} Kd6 {[%clk 0:00:45]} 51. h4
{[%clk 0:01:07]} Re7 {[%clk 0:00:36]} 52. Bd3 {[%clk 0:01:33]} Bd5
{[%clk 0:00:41]} 53. Rd8+ {[%clk 0:01:29]} Kc5 {[%clk 0:00:47]} 54. f3
{[%clk 0:01:23]} Bc6 {[%clk 0:00:42]} 55. g4 {[%clk 0:01:06]} Kb6
{[%clk 0:00:35]} 56. Rd6 {[%clk 0:01:26]} Kc7 {[%clk 0:00:41]} 57. Rf6
{[%clk 0:01:53]} Rd7 {[%clk 0:00:33]} 58. Be4 {[%clk 0:01:40]} Bxe4
{[%clk 0:00:46]} 59. fxe4 {[%clk 0:01:51]} Kd8 {[%clk 0:00:40]} 60. h5
{[%clk 0:02:01]} Ke7 {[%clk 0:00:32]} 61. Rb6 {[%clk 0:02:24]} gxh5
{[%clk 0:00:31]} 62. Rb7 {[%clk 0:02:44]} 1-0